| 000 | 00477nam a2200181Ia 4500 | ||
|---|---|---|---|
| 005 | 20260429111943.0 | ||
| 008 | 260429s9999||||xx |||||||||||||| ||und|| | ||
| 020 | _a9789348011305 | ||
| 041 | _aEnglish | ||
| 082 |
_a175 _bKUM |
||
| 100 | _aKumar, Dibyanshu | ||
| 245 | 0 |
_aEthics in media and journalism / _cDibyanshu Kumar |
|
| 260 |
_aNew Delhi : _bAsia Publishers, _c2025. |
||
| 300 | _axi, 236 p.; hb | ||
| 650 | _a Journalism | ||
| 650 | _aMedia ethics | ||
| 942 | _cTB | ||
| 999 |
_c51598 _d51598 |
||